[Event "4NCL"]
[Site "De Vere, Sunningdale, ENG"]
[Date "2011.02.20"]
[Round "6.35"]
[White "Williamson, Kevin J"]
[Black "Wallis, Ian J"]
[Result "1/2-1/2"]
[WhiteElo "2065"]
[BlackElo "1977"]
[PlyCount "61"]
[EventDate "2011.??.??"]
[WhiteTeam "FCA Solutions 1"]
[BlackTeam "Anglian Avengers 2"]

1. d4 d5 2. Nf3 Nc6 3. c4 Bg4 4. cxd5 Bxf3 5. gxf3 Qxd5 6. e3 e6 7. Nc3 Bb4 8.
Bd2 Qh5 9. f4 Qxd1+ 10. Rxd1 Nge7 11. Rg1 O-O 12. a3 Bxc3 13. bxc3 Nf5 14. Bd3
Nd6 15. c4 g6 16. Bc3 Nf5 17. d5 Nce7 18. e4 Ng7 19. Bc2 Rfd8 20. Ke2 a5 21.
Kf3 exd5 22. cxd5 f5 23. e5 Nxd5 24. Rxd5 Rxd5 25. Bb3 c6 26. Rd1 Rad8 27. Bxa5
R8d7 28. Bb4 Kf7 29. Bd6 Ke6 30. Ke3 Ne8 31. Bxd5+ 1/2-1/2

[Event "4NCL"]
[Site "De Vere, Sunningdale, ENG"]
[Date "2011.02.20"]
[Round "6.35"]
[White "Clapham, Michael JW"]
[Black "Elwin, Adrian G"]
[Result "1/2-1/2"]
[WhiteElo "1916"]
[BlackElo "1990"]
[PlyCount "26"]
[EventDate "2011.??.??"]
[WhiteTeam "Anglian Avengers 2"]
[BlackTeam "FCA Solutions 1"]

1. e4 c6 2. d4 d5 3. f3 e6 4. Bd3 c5 5. c3 Nc6 6. Ne2 Bd7 7. Be3 Qb6 8. exd5
exd5 9. Nd2 Nf6 10. dxc5 Bxc5 11. Bxc5 Qxc5 12. Nb3 Qe3 13. Qd2 Qxd2+ 1/2-1/2

[Event "4NCL"]
[Site "De Vere, Sunningdale, ENG"]
[Date "2011.02.20"]
[Round "6.36"]
[White "Crombleholme, Alan K"]
[Black "Ociepka, Adrian"]
[Result "1/2-1/2"]
[WhiteElo "2109"]
[BlackElo "2170"]
[PlyCount "70"]
[EventDate "2011.??.??"]
[WhiteTeam "Iceni"]
[BlackTeam "Hackney"]

1. d4 Nf6 2. c4 g6 3. Nc3 Bg7 4. e4 d6 5. Be2 O-O 6. Nf3 e5 7. O-O Nc6 8. d5
Ne7 9. Ne1 Nd7 10. Nd3 f5 11. Bd2 Nf6 12. f3 c6 13. Rc1 Kh8 14. b4 a5 15. bxa5
Rxa5 16. Kh1 Ra3 17. dxc6 bxc6 18. c5 d5 19. Nxe5 Nxe4 20. fxe4 Bxe5 21. exd5
cxd5 22. Nb5 Rxa2 23. Bc3 Nc6 24. Bxe5+ Nxe5 25. Nc3 Ra5 26. Qd4 Qf6 27. Nxd5
Qg7 28. Ra1 Nc6 29. Qxg7+ Kxg7 30. Rxa5 Nxa5 31. Ra1 Re8 32. Bf3 Re5 33. Kg1
Nc6 34. Nb6 Bb7 35. Rd1 Re7 1/2-1/2

[Event "4NCL"]
[Site "De Vere, Sunningdale, ENG"]
[Date "2011.02.20"]
[Round "6.36"]
[White "Chin, Francis CW"]
[Black "Reynolds, D Ian W"]
[Result "1/2-1/2"]
[WhiteElo "2211"]
[BlackElo "2044"]
[PlyCount "54"]
[EventDate "2011.??.??"]
[WhiteTeam "Hackney"]
[BlackTeam "Iceni"]

1. d4 Nf6 2. Nf3 e6 3. c4 b6 4. g3 Ba6 5. Nbd2 Bb4 6. Qb3 c5 7. a3 Bxd2+ 8.
Bxd2 cxd4 9. Nxd4 Bb7 10. Nf3 Nc6 11. Bg2 Nd4 12. Qd3 Nxf3+ 13. Bxf3 Bxf3 14.
Qxf3 Rc8 15. Rc1 d5 16. O-O O-O 17. cxd5 Qxd5 18. Qxd5 Nxd5 19. e4 Nf6 20. f3
Nd7 21. Bb4 Rfe8 22. Bd6 f6 23. Rfd1 e5 24. Kf2 Nf8 25. Bxf8 Kxf8 26. Ke3 Ke7
27. f4 Red8 1/2-1/2

[Event "4NCL"]
[Site "De Vere, Sunningdale, ENG"]
[Date "2011.02.20"]
[Round "6.36"]
[White "Ruthen, Stephen W"]
[Black "Walker, Nicholas P"]
[Result "0-1"]
[WhiteElo "2066"]
[BlackElo "2074"]
[PlyCount "106"]
[EventDate "2011.??.??"]
[WhiteTeam "Iceni"]
[BlackTeam "Hackney"]

1. c4 e5 2. g3 Nf6 3. Bg2 Nc6 4. Nc3 Bb4 5. Nd5 O-O 6. Nxb4 Nxb4 7. d3 d5 8. a3
Nc6 9. cxd5 Nxd5 10. Nf3 h6 11. O-O Be6 12. b4 Re8 13. Bb2 Bg4 14. Qb3 Nb6 15.
Rac1 a6 16. Rxc6 bxc6 17. Nxe5 Be6 18. Qc2 Bd5 19. e4 f6 20. Nf3 Bf7 21. Nd4
Rc8 22. Nxc6 Qd7 23. Nd4 Na4 24. Ba1 c5 25. bxc5 Nxc5 26. Qe2 Nb3 27. Nxb3 Bxb3
28. Re1 Rc2 29. Qe3 Ra2 30. d4 Qa4 31. e5 Rxa3 32. Bb2 Ra2 33. Bc3 Qc4 34. Bf1
Qd5 35. Bg2 Qc4 36. Bf1 Qf7 37. Qd3 fxe5 38. f4 exf4 39. Rxe8+ Qxe8 40. gxf4
Bd5 41. Bd2 Qh5 42. Qc3 Qg4+ 43. Kf2 Qxf4+ 44. Ke1 Qe4+ 45. Kf2 Rc2 46. Qe3
Qxe3+ 47. Kxe3 Ra2 48. Bd3 Kf7 49. h4 g5 50. hxg5 hxg5 51. Bb1 Ra3+ 52. Kf2 Kf6
53. Bh7 a5 0-1

[Event "4NCL"]
[Site "De Vere, Sunningdale, ENG"]
[Date "2011.02.20"]
[Round "6.36"]
[White "Reid, John"]
[Black "Feavyour, John A"]
[Result "0-1"]
[WhiteElo "2035"]
[BlackElo "2069"]
[PlyCount "56"]
[EventDate "2011.??.??"]
[WhiteTeam "Hackney"]
[BlackTeam "Iceni"]

1. d4 d5 2. c4 c6 3. Nc3 Nf6 4. e3 e6 5. Nf3 Bd6 6. Qc2 Nbd7 7. b3 O-O 8. Be2
Re8 9. O-O dxc4 10. bxc4 e5 11. Rd1 Qe7 12. Bb2 e4 13. Nd2 Nf8 14. Nf1 Ng6 15.
f4 exf3 16. Bxf3 Nh4 17. e4 Nxf3+ 18. gxf3 Bf4 19. Ne2 Nh5 20. Bc1 Bxc1 21.
Qxc1 Bh3 22. Nfg3 Qh4 23. Rd3 g5 24. Nxh5 Qxh5 25. Kh1 Qg6 26. Qd2 Rxe4 27. Rg1
Rae8 28. Nf4 Rxf4 0-1

[Event "4NCL"]
[Site "De Vere, Sunningdale, ENG"]
[Date "2011.02.20"]
[Round "6.36"]
[White "Donaghay, Richard H"]
[Black "Vives, Pepe"]
[Result "1-0"]
[WhiteElo "1983"]
[BlackElo "1930"]
[PlyCount "53"]
[EventDate "2011.??.??"]
[WhiteTeam "Iceni"]
[BlackTeam "Hackney"]

1. e4 e6 2. d3 d5 3. Nd2 Nf6 4. g3 dxe4 5. dxe4 e5 6. Bg2 Bc5 7. Ngf3 Qe7 8.
O-O O-O 9. Qe2 a6 10. Nc4 Nbd7 11. Bg5 h6 12. Bd2 b5 13. Ne3 Bb7 14. Nf5 Qe6
15. b4 Bb6 16. N3h4 Kh7 17. Nxg7 Kxg7 18. Nf5+ Kh7 19. Bxh6 Rg8 20. Qd2 Bxe4
21. Bg7 Ng4 22. Bxe4 Bxf2+ 23. Rxf2 Qb6 24. Ne3+ Kxg7 25. Nxg4 Rad8 26. Qg5+
Kf8 27. Qf5 1-0

[Event "4NCL"]
[Site "De Vere, Sunningdale, ENG"]
[Date "2011.02.20"]
[Round "6.36"]
[White "Ociepka, Dominika"]
[Black "Szymanski, Mark"]
[Result "1-0"]
[WhiteElo "1426"]
[BlackElo "1906"]
[PlyCount "133"]
[EventDate "2011.??.??"]
[WhiteTeam "Hackney"]
[BlackTeam "Iceni"]

1. e4 c6 2. d4 d5 3. exd5 cxd5 4. Bd3 Nc6 5. c3 Nf6 6. h3 e5 7. dxe5 Nxe5 8.
Qe2 Qe7 9. Bb5+ Nc6 10. Qxe7+ Bxe7 11. Nf3 O-O 12. O-O Bc5 13. Bf4 Be6 14. Nbd2
h6 15. Nb3 Bb6 16. Rad1 Rfd8 17. Rfe1 Ne4 18. Re2 a6 19. Bd3 Nf6 20. Bc2 g5 21.
Bh2 Nh5 22. Nfd4 Nxd4 23. Nxd4 Bxd4 24. Rxd4 Rd7 25. Be5 Ng7 26. g4 Ne8 27. Bb3
Rad8 28. a4 Nc7 29. Red2 b5 30. Bxc7 Rxc7 31. axb5 axb5 32. Bxd5 Bxd5 33. Rxd5
Rxd5 34. Rxd5 Rb7 35. Kg2 Kg7 36. Kf3 Kg6 37. Ke4 Re7+ 38. Re5 Rd7 39. Rxb5 Rd2
40. Ke3 Rc2 41. Rb6+ f6 42. Rb7 Rc1 43. Kf3 Rh1 44. Kg2 Rc1 45. Rb4 h5 46. c4
h4 47. b3 Rc3 48. Rb5 Kf7 49. c5 Ke7 50. b4 Rc4 51. Rb6 f5 52. gxf5 Rf4 53. f6+
Kd7 54. Rd6+ Kc8 55. b5 Rf5 56. Rc6+ Kb7 57. f3 Rd5 58. Kf2 Re5 59. f4 Rf5 60.
Kf3 Rxf4+ 61. Ke3 Rf5 62. Ke4 Rf1 63. Ke5 Rf3 64. Ke6 Rxh3 65. f7 Rf3 66. Ke7
Re3+ 67. Re6 1-0

[Event "4NCL"]
[Site "De Vere, Sunningdale, ENG"]
[Date "2011.02.20"]
[Round "6.37"]
[White "Piper, Stephen J"]
[Black "Peat, Matthew"]
[Result "1/2-1/2"]
[WhiteElo "2106"]
[BlackElo "2059"]
[PlyCount "30"]
[EventDate "2011.??.??"]
[WhiteTeam "The Rookies"]
[BlackTeam "AMCA Rhinos"]

1. d4 d5 2. c4 c6 3. e3 Nf6 4. Nf3 Bg4 5. h3 Bxf3 6. Qxf3 e6 7. Nc3 Nbd7 8. Bd3
Bb4 9. O-O O-O 10. cxd5 cxd5 11. Rd1 Rc8 12. Bd2 Nb6 13. a3 Bxc3 14. Bxc3 Nc4
15. Rdc1 Re8 1/2-1/2

[Event "4NCL"]
[Site "De Vere, Sunningdale, ENG"]
[Date "2011.02.20"]
[Round "6.37"]
[White "Duvall, Ian"]
[Black "Gibson, Christopher A"]
[Result "1/2-1/2"]
[WhiteElo "2053"]
[BlackElo "1984"]
[PlyCount "34"]
[EventDate "2011.??.??"]
[WhiteTeam "AMCA Rhinos"]
[BlackTeam "The Rookies"]

1. d4 Nf6 2. c4 e6 3. Nf3 b6 4. Nc3 Bb7 5. Bg5 c5 6. d5 d6 7. Bxf6 Qxf6 8. e4
g6 9. Be2 Bg7 10. Nb5 O-O 11. O-O exd5 12. cxd5 Nd7 13. Qa4 Rfd8 14. Nc3 a6 15.
Rae1 b5 16. Qc2 Re8 17. Nd2 Nb6 1/2-1/2

[Event "4NCL"]
[Site "De Vere, Sunningdale, ENG"]
[Date "2011.02.20"]
[Round "6.37"]
[White "Jeffries, Majid"]
[Black "Jones, Christopher M"]
[Result "0-1"]
[WhiteElo "2009"]
[BlackElo "2024"]
[PlyCount "91"]
[EventDate "2011.??.??"]
[WhiteTeam "AMCA Rhinos"]
[BlackTeam "The Rookies"]

1. f4 e5 2. e4 Bc5 3. Nf3 d6 4. d4 exd4 5. Nxd4 Nf6 6. Nc3 Bg4 7. Qd3 O-O 8.
Be3 Re8 9. Be2 Bxe2 10. Ndxe2 Bxe3 11. Qxe3 Qe7 12. O-O-O Nxe4 13. Nxe4 Qxe4
14. Qxe4 Rxe4 15. Rd2 Na6 16. g3 Rae8 17. Nc3 Re1+ 18. Rxe1 Rxe1+ 19. Rd1 Re7
20. Nb5 Nb4 21. a3 Nc6 22. Nc3 Kf8 23. Nd5 Rd7 24. Rd3 Ne7 25. Ne3 d5 26. c3 c5
27. Kc2 Ke8 28. Ng4 Nc6 29. Re3+ Re7 30. Rxe7+ Kxe7 31. Kd3 Ke6 32. b4 c4+ 33.
Ke3 Ne7 34. Nf2 Nf5+ 35. Kd2 h5 36. a4 d4 37. Ne4 Kd5 38. Nc5 Nd6 39. cxd4 Kxd4
40. Nd7 c3+ 41. Kc2 Nf5 42. Kb3 Ne3 43. h3 c2 44. Kb2 Kd3 45. Kc1 Kc3 46. Nc5
0-1

[Event "4NCL"]
[Site "De Vere, Sunningdale, ENG"]
[Date "2011.02.20"]
[Round "6.37"]
[White "Compton, Alistair"]
[Black "Sparkes, Daniel A"]
[Result "1-0"]
[WhiteElo "2046"]
[BlackElo "1960"]
[PlyCount "63"]
[EventDate "2011.??.??"]
[WhiteTeam "The Rookies"]
[BlackTeam "AMCA Rhinos"]

1. e4 d5 2. exd5 Nf6 3. Nf3 Qxd5 4. Nc3 Qa5 5. d4 Ne4 6. Bd3 Nxc3 7. bxc3 Bf5
8. Rb1 Bxd3 9. Qxd3 b6 10. O-O c6 11. Ne5 f6 12. Qf5 Qa6 13. Qh5+ g6 14. Nxg6
hxg6 15. Qxh8 Nd7 16. Qg8 O-O-O 17. Qxg6 Qxa2 18. Bf4 Qd5 19. Rfe1 e6 20. Qe4
Re8 21. Qd3 b5 22. Ra1 Kb7 23. Qg6 Re7 24. Bh6 Bxh6 25. Qxh6 Qf5 26. Qe3 Nb6
27. Qe4 Qh5 28. Re3 f5 29. Qe5 Nc4 30. Qc5 Rc7 31. Rh3 Qe8 32. Qxa7+ 1-0

[Event "4NCL"]
[Site "De Vere, Sunningdale, ENG"]
[Date "2011.02.20"]
[Round "6.37"]
[White "Stayt, James N"]
[Black "Turvey, Steven S"]
[Result "1-0"]
[WhiteElo "1975"]
[BlackElo "1847"]
[PlyCount "43"]
[EventDate "2011.??.??"]
[WhiteTeam "AMCA Rhinos"]
[BlackTeam "The Rookies"]

1. e4 e5 2. Nf3 Nc6 3. Bb5 a6 4. Ba4 Nf6 5. d4 exd4 6. O-O Be7 7. e5 Nd5 8. Re1
O-O 9. Bb3 Nb6 10. Nxd4 Nxd4 11. Qxd4 d6 12. Bf4 dxe5 13. Qxd8 Rxd8 14. Bxe5
Rd7 15. Nc3 Kf8 16. Rad1 c6 17. Rxd7 Bxd7 18. Bxg7+ Kxg7 19. Rxe7 Rf8 20. Ne4
Re8 21. Rxf7+ Kg6 22. f3 1-0

[Event "4NCL"]
[Site "De Vere, Sunningdale, ENG"]
[Date "2011.02.20"]
[Round "6.38"]
[White "Hosken, Nigel K"]
[Black "Bonafont, Philip R"]
[Result "1-0"]
[WhiteElo "2101"]
[BlackElo "2155"]
[PlyCount "77"]
[EventDate "2011.??.??"]
[WhiteTeam "Gloucestershire Gambits"]
[BlackTeam "e2e4.org.uk 2"]

1. d4 c5 2. d5 e5 3. c4 d6 4. e4 Be7 5. g3 Nf6 6. Bg2 Nbd7 7. Nc3 O-O 8. Nge2
a6 9. a4 Ne8 10. O-O g6 11. Bh6 Ng7 12. Qd2 Nf6 13. h3 Kh8 14. Kh2 Ng8 15. Be3
f5 16. f4 Bf6 17. fxe5 Bxe5 18. Bf4 Re8 19. Rae1 Bd7 20. Bxe5 Rxe5 21. Nf4 Qg5
22. Qf2 Rae8 23. Nd3 R5e7 24. e5 dxe5 25. Nxc5 e4 26. Nxb7 Bxa4 27. Nc5 e3 28.
Qf4 Qxf4 29. gxf4 Bc2 30. d6 Ra7 31. Re2 Be4 32. Bxe4 fxe4 33. N3xe4 Nf5 34.
Rd1 Rd8 35. Na4 Re8 36. Nac3 Kg7 37. c5 Nf6 38. c6 Nxe4 39. Nxe4 1-0

[Event "4NCL"]
[Site "De Vere, Sunningdale, ENG"]
[Date "2011.02.20"]
[Round "6.38"]
[White "Mansson, James C"]
[Black "Martin, Peter"]
[Result "1-0"]
[WhiteElo "2128"]
[BlackElo "2082"]
[PlyCount "129"]
[EventDate "2011.??.??"]
[WhiteTeam "e2e4.org.uk 2"]
[BlackTeam "Gloucestershire Gambits"]

1. Nf3 Nf6 2. c4 g6 3. Nc3 Bg7 4. e4 d6 5. d4 O-O 6. Be2 Nbd7 7. Be3 c5 8. d5
a6 9. a4 Ng4 10. Bd2 b6 11. h3 Nge5 12. Nh2 f6 13. f4 Nf7 14. Nf3 Qe8 15. O-O
Bb7 16. Bd3 Nh6 17. g4 Kh8 18. Be3 e6 19. Qd2 exd5 20. cxd5 Nf7 21. Rae1 Qe7
22. Bf2 Bh6 23. Be3 g5 24. e5 dxe5 25. fxg5 Nxg5 26. Nxg5 Bxg5 27. Bxg5 fxg5
28. Bf5 Rad8 29. Qe3 Rfe8 30. Be6 Rf8 31. Ne4 h6 32. Ng3 Rf4 33. Nh5 Bc8 34.
Nxf4 exf4 35. Qe4 Qg7 36. Rf2 Bb7 37. Bxd7 Rxd7 38. Qe8+ Kh7 39. d6 Bc6 40. Re7
Rxe7 41. Qxe7 Qxe7 42. dxe7 Kg7 43. a5 bxa5 44. Rd2 Kf7 45. Rd6 Bb5 46. Rxh6 a4
47. e8=Q+ Kxe8 48. Rg6 c4 49. Rxg5 c3 50. bxc3 a3 51. Re5+ Kf7 52. Kf2 a2 53.
Re1 Bc6 54. c4 Be4 55. Ra1 Bb1 56. Kf3 Ke6 57. Kxf4 Kd6 58. Ke3 Kc5 59. Kd2
Kxc4 60. Kc1 Bd3 61. Rxa2 Kb5 62. Rd2 Bc4 63. h4 a5 64. Kb2 Kb4 65. Rd4 1-0

[Event "4NCL"]
[Site "De Vere, Sunningdale, ENG"]
[Date "2011.02.20"]
[Round "6.38"]
[White "Lambourne, Daniel M"]
[Black "Coates, David H"]
[Result "0-1"]
[WhiteElo "1996"]
[BlackElo "2069"]
[PlyCount "100"]
[EventDate "2011.??.??"]
[WhiteTeam "Gloucestershire Gambits"]
[BlackTeam "e2e4.org.uk 2"]

1. d4 Nf6 2. c4 g6 3. Nc3 Bg7 4. Nf3 O-O 5. g3 d6 6. Bg2 Nbd7 7. Bg5 c5 8. Qd2
a6 9. O-O Rb8 10. dxc5 Nxc5 11. Nd4 Ne6 12. Nxe6 Bxe6 13. b3 Qc7 14. Rad1 Rfc8
15. Nd5 Bxd5 16. cxd5 Qd7 17. Rc1 Rxc1 18. Rxc1 Rc8 19. e4 Rc7 20. f3 Qc8 21.
Rxc7 Qxc7 22. Bh3 h6 23. Qc1 Qa5 24. Qd2 Qc7 25. Be3 Kh7 26. Qc1 Qa5 27. a3 Qd8
28. Bc8 Qa5 29. Kf2 b5 30. Ke2 Ng8 31. Bd2 Qb6 32. Qc6 Qg1 33. h3 Qg2+ 34. Ke3
Qg1+ 35. Kd3 Qxg3 36. Qb6 Qxf3+ 37. Qe3 Qf1+ 38. Kc2 Qa1 39. Bxa6 Qxa3 40. Bxb5
Nf6 41. Kd1 Nxe4 42. Be8 Nxd2 43. Kxd2 Qa5+ 44. Kc2 Qxd5 45. Qxe7 Qf5+ 46. Kd2
Qf2+ 47. Kd3 Qd4+ 48. Ke2 Qb2+ 49. Kf1 Qxb3 50. Bxf7 Qf3+ 0-1

[Event "4NCL"]
[Site "De Vere, Sunningdale, ENG"]
[Date "2011.02.20"]
[Round "6.38"]
[White "Denton, John R"]
[Black "Waterfield, John W"]
[Result "1-0"]
[WhiteElo "2062"]
[BlackElo "2005"]
[PlyCount "55"]
[EventDate "2011.??.??"]
[WhiteTeam "e2e4.org.uk 2"]
[BlackTeam "Gloucestershire Gambits"]

1. d4 Nf6 2. Nf3 c5 3. c4 g6 4. Nc3 cxd4 5. Nxd4 Nc6 6. g3 Bg7 7. Bg2 O-O 8.
O-O Qb6 9. Nc2 d6 10. b3 Be6 11. Be3 Qa5 12. Bd2 Rfc8 13. e4 Nd7 14. Nd5 Qd8
15. Rb1 a5 16. Qe2 a4 17. b4 Nd4 18. Nxd4 Bxd4 19. Rfc1 Ne5 20. h3 Bxd5 21.
exd5 Nd7 22. c5 dxc5 23. d6 Ne5 24. Bxb7 Qxd6 25. bxc5 Bxc5 26. Bf4 f6 27. Bxe5
fxe5 28. Bxa8 1-0

[Event "4NCL"]
[Site "De Vere, Sunningdale, ENG"]
[Date "2011.02.20"]
[Round "6.38"]
[White "Meade, Philip J"]
[Black "Garnett, John S"]
[Result "0-1"]
[WhiteElo "1958"]
[BlackElo "2028"]
[PlyCount "36"]
[EventDate "2011.??.??"]
[WhiteTeam "Gloucestershire Gambits"]
[BlackTeam "e2e4.org.uk 2"]

1. d4 Nf6 2. c4 Nc6 3. Nf3 e6 4. Nc3 Bb4 5. e3 O-O 6. Bd3 Bxc3+ 7. bxc3 d6 8.
e4 e5 9. O-O Bg4 10. Be3 Re8 11. Qb1 Bxf3 12. gxf3 Nh5 13. Kh1 Qf6 14. Be2 exd4
15. cxd4 Nxd4 16. Qd1 Nxe2 17. Qxe2 Nf4 18. Qd2 Ng6 0-1

[Event "4NCL"]
[Site "De Vere, Sunningdale, ENG"]
[Date "2011.02.20"]
[Round "6.38"]
[White "Flynn, David"]
[Black "Taylor, Geoffrey P"]
[Result "0-1"]
[WhiteElo "2061"]
[BlackElo "1950"]
[PlyCount "70"]
[EventDate "2011.??.??"]
[WhiteTeam "e2e4.org.uk 2"]
[BlackTeam "Gloucestershire Gambits"]

1. e4 c5 2. Nf3 d6 3. d4 cxd4 4. Nxd4 Nf6 5. Nc3 a6 6. Bg5 e6 7. f4 Qc7 8. Qf3
Nc6 9. O-O-O Bd7 10. f5 Be7 11. Be2 O-O 12. h4 b5 13. a3 Rac8 14. Nb3 Ne5 15.
Qe3 a5 16. Qd4 a4 17. Na1 Qb7 18. Bxf6 gxf6 19. g4 Kh8 20. Rh3 Rg8 21. Rg1 d5
22. Rg2 Bc5 23. Qd2 d4 24. Qh6 dxc3 25. Qxf6+ Rg7 26. Qxe5 cxb2+ 27. Kxb2 b4
28. h5 f6 29. Qxf6 Qxe4 30. Rd3 Rf8 31. Bf3 bxa3+ 32. Kc1 Qe1+ 33. Rd1 Be3+ 34.
Kb1 Qxd1+ 35. Bxd1 Rxf6 0-1

[Event "4NCL"]
[Site "De Vere, Sunningdale, ENG"]
[Date "2011.02.20"]
[Round "6.39"]
[White "Hurney, Kevin"]
[Black "Page, Mark E"]
[Result "1/2-1/2"]
[WhiteElo "2058"]
[BlackElo "2046"]
[PlyCount "38"]
[EventDate "2011.??.??"]
[WhiteTeam "Halesowen"]
[BlackTeam "Warwickshire Select 2"]

1. e4 c5 2. Nf3 d6 3. d4 cxd4 4. Nxd4 Nf6 5. Nc3 a6 6. Bg5 e6 7. f4 Be7 8. Qf3
Qc7 9. O-O-O Nbd7 10. g4 b5 11. Bxf6 Bxf6 12. g5 Be7 13. f5 Bxg5+ 14. Kb1 Ne5
15. Qh5 Qe7 16. fxe6 g6 17. exf7+ Kxf7 18. Qe2 Bg4 19. Qf2+ Qf6 1/2-1/2

[Event "4NCL"]
[Site "De Vere, Sunningdale, ENG"]
[Date "2011.02.20"]
[Round "6.39"]
[White "Ingram, Keith R"]
[Black "Pugh, Glyn D"]
[Result "1-0"]
[WhiteElo "2078"]
[BlackElo "1994"]
[PlyCount "55"]
[EventDate "2011.??.??"]
[WhiteTeam "Warwickshire Select 2"]
[BlackTeam "Halesowen"]

1. e4 e6 2. d4 d5 3. Nc3 Bb4 4. Nge2 dxe4 5. a3 Be7 6. Nxe4 Nf6 7. N2c3 O-O 8.
Be3 Nbd7 9. Be2 Nd5 10. O-O Nxe3 11. fxe3 f5 12. Nf2 c5 13. d5 Nb6 14. Bf3 e5
15. e4 Nc4 16. Qe2 Nxb2 17. Rfb1 Qa5 18. Nb5 Na4 19. d6 Bf6 20. Qc4+ Kh8 21.
Nc7 Bd7 22. Nxa8 Rxa8 23. Rxb7 Nb6 24. Qf7 Rd8 25. Rb1 Qxa3 26. R1xb6 Qc1+ 27.
Bd1 Qd2 28. Kf1 1-0

[Event "4NCL"]
[Site "De Vere, Sunningdale, ENG"]
[Date "2011.02.20"]
[Round "6.39"]
[White "Lee, Darren"]
[Black "Webster, Paul"]
[Result "1/2-1/2"]
[WhiteElo "1887"]
[BlackElo "2034"]
[PlyCount "123"]
[EventDate "2011.??.??"]
[WhiteTeam "Halesowen"]
[BlackTeam "Warwickshire Select 2"]

1. Nf3 g6 2. d4 Nf6 3. c4 Bg7 4. Nc3 d5 5. cxd5 Nxd5 6. e4 Nxc3 7. bxc3 O-O 8.
Be2 c5 9. Rb1 Nc6 10. d5 Ne5 11. Nxe5 Bxe5 12. c4 Qc7 13. Qd2 Bg7 14. Bb2 Bxb2
15. Rxb2 Qe5 16. Bd3 e6 17. O-O b6 18. Rb3 Re8 19. f4 Qd4+ 20. Qf2 Qxf2+ 21.
Rxf2 exd5 22. exd5 Bf5 23. Bxf5 gxf5 24. Rg3+ Kf8 25. Rc3 Re1+ 26. Rf1 Re4 27.
Rf2 Rae8 28. g3 Rd4 29. Ra3 Re7 30. Rc2 Ke8 31. Kf2 Kd8 32. Re2 Rxe2+ 33. Kxe2
a5 34. Rc3 a4 35. Ke3 Kd7 36. h3 h5 37. Kf3 Kd6 38. Rc2 b5 39. cxb5 Kxd5 40.
Re2 f6 41. b6 Rb4 42. Rd2+ Kc6 43. Rd8 Rxb6 44. Rh8 Rb2 45. Rxh5 Rxa2 46. Rxf5
Rd2 47. Rxf6+ Rd6 48. Rf8 a3 49. Ra8 Rd3+ 50. Ke2 Rxg3 51. h4 Kd5 52. Kf2 Rh3
53. Kg2 Rxh4 54. Kg3 Rh1 55. Rxa3 c4 56. Ra8 c3 57. Rd8+ Ke4 58. Re8+ Kd3 59.
Rd8+ Ke2 60. Re8+ Kd2 61. Rd8+ Kc1 62. f5 1/2-1/2

[Event "4NCL"]
[Site "De Vere, Sunningdale, ENG"]
[Date "2011.02.20"]
[Round "6.39"]
[White "Fallowfield, Jeremy"]
[Black "Doran, Michael J"]
[Result "1/2-1/2"]
[WhiteElo "2044"]
[BlackElo "1850"]
[PlyCount "39"]
[EventDate "2011.??.??"]
[WhiteTeam "Warwickshire Select 2"]
[BlackTeam "Halesowen"]

1. c4 b6 2. Nc3 Bb7 3. e4 e6 4. Nge2 c5 5. g3 Nc6 6. Bg2 Nge7 7. O-O g6 8. d4
cxd4 9. Nxd4 Bg7 10. Ndb5 O-O 11. Nd6 Ba6 12. Qa4 Qc7 13. Qxa6 Qxd6 14. Rd1 Qb4
15. Qb5 Rfd8 16. Qxb4 Nxb4 17. Bf4 Rac8 18. Bd6 Nec6 19. Rac1 Be5 20. Bf1
1/2-1/2

[Event "4NCL"]
[Site "De Vere, Sunningdale, ENG"]
[Date "2011.02.20"]
[Round "6.39"]
[White "Peck, Windsor WA"]
[Black "Fallowfield, Nicholas K"]
[Result "0-1"]
[WhiteElo "1831"]
[BlackElo "2018"]
[PlyCount "82"]
[EventDate "2011.??.??"]
[WhiteTeam "Halesowen"]
[BlackTeam "Warwickshire Select 2"]

1. d4 d5 2. Nf3 Nc6 3. e3 Bg4 4. c4 e5 5. Qb3 Bxf3 6. Qxb7 Nb4 7. gxf3 Rb8 8.
Qxa7 Nc2+ 9. Kd1 Nxa1 10. cxd5 Bd6 11. Rg1 Kf8 12. Nc3 Ra8 13. Qb7 exd4 14. Ne4
Ne7 15. Nxd6 cxd6 16. e4 Qc8 17. Qxc8+ Nxc8 18. a3 Nb3 19. Bf4 f6 20. Bh3 g5
21. Kc2 Nc5 22. Bc1 Ke7 23. Rd1 d3+ 24. Kb1 Nb6 25. Bf1 Nb3 26. Bxd3 Nxc1 27.
Rxc1 Rhc8 28. Bb5 Rxc1+ 29. Kxc1 Rc8+ 30. Bc6 f5 31. Kc2 fxe4 32. fxe4 Rf8 33.
a4 Rxf2+ 34. Kc3 Rxh2 35. a5 Nc8 36. b4 g4 37. b5 g3 38. b6 Nxb6 39. axb6 Rf2
40. b7 Rf8 41. e5 g2 0-1

[Event "4NCL"]
[Site "De Vere, Sunningdale, ENG"]
[Date "2011.02.20"]
[Round "6.40"]
[White "Taylor, Dale C"]
[Black "Adebajo, Olufemi"]
[Result "1-0"]
[WhiteElo "1975"]
[BlackElo "1971"]
[PlyCount "113"]
[EventDate "2011.??.??"]
[WhiteTeam "Guildford A&DC 3"]
[BlackTeam "FCA Solutions 2"]

1. Nf3 d5 2. c4 e6 3. g3 f5 4. Bg2 Nf6 5. O-O Bd6 6. b3 Qe7 7. Bb2 c6 8. d3 O-O
9. Nbd2 f4 10. e4 fxe3 11. fxe3 Ng4 12. Qe2 Na6 13. e4 Nb4 14. e5 Bc7 15. h3
Nh6 16. g4 Bd7 17. a3 Na6 18. b4 Rf7 19. c5 Raf8 20. d4 Nb8 21. Nb3 Bc8 22. Bc1
b6 23. Bg5 Qe8 24. Qe3 Ba6 25. Rf2 Bd8 26. Bxd8 Qxd8 27. Bf1 Bc8 28. Bd3 Rf4
29. Raf1 Kh8 30. Ng5 Rxf2 31. Rxf2 Rxf2 32. Kxf2 Qf8+ 33. Qf3 Qxf3+ 34. Kxf3 g6
35. cxb6 axb6 36. a4 Kg7 37. a5 bxa5 38. bxa5 Nf7 39. Nxf7 Kxf7 40. Nc5 Nd7 41.
Nxd7 Bxd7 42. Ba6 Ke8 43. Kf4 h6 44. h4 Kd8 45. g5 h5 46. Ke3 Kc7 47. Kd2 Be8
48. Kc3 c5 49. dxc5 Kc6 50. Kb4 Kc7 51. Bd3 Kb7 52. a6+ Ka7 53. Ka5 d4 54. Be4
Bf7 55. c6 d3 56. c7 d2 57. c8=Q 1-0

[Event "4NCL"]
[Site "De Vere, Sunningdale, ENG"]
[Date "2011.02.20"]
[Round "6.40"]
[White "Valentine, Brian J"]
[Black "Bryant, Richard BE"]
[Result "0-1"]
[WhiteElo "1972"]
[BlackElo "1973"]
[PlyCount "126"]
[EventDate "2011.??.??"]
[WhiteTeam "FCA Solutions 2"]
[BlackTeam "Guildford A&DC 3"]

1. e4 c5 2. Nf3 e6 3. d4 cxd4 4. Nxd4 Bc5 5. Be3 Qb6 6. Nc3 Nc6 7. Na4 Qa5+ 8.
c3 Bxd4 9. Bxd4 Nxd4 10. Qxd4 Nf6 11. e5 Nd5 12. Nc5 f5 13. exf6 Nxf6 14. Be2
O-O 15. Nd3 Qf5 16. O-O b6 17. Bf3 Rb8 18. Ne5 Ba6 19. Rfe1 Bb7 20. Bxb7 Rxb7
21. Rad1 Rc7 22. Rd2 Rc5 23. c4 d6 24. Nd3 e5 25. Qc3 Ne4 26. Qc1 Nxd2 27. Nxc5
Nf3+ 28. gxf3 dxc5 29. Qe3 Qg6+ 30. Kf1 Qe6 31. Qxe5 Qxc4+ 32. Kg2 Qxa2 33. Re3
Qf7 34. Kf1 h6 35. Qd6 Qc4+ 36. Kg2 Rf6 37. Qd8+ Kh7 38. Qd3+ Qxd3 39. Rxd3 b5
40. Rd5 Rc6 41. Kf1 a6 42. Ke2 c4 43. Kd2 Rf6 44. Ke3 g5 45. Rd4 Kg6 46. h4
Re6+ 47. Kd2 h5 48. hxg5 Kxg5 49. Rd5+ Kg6 50. f4 Rf6 51. Ke3 h4 52. Kf3 h3 53.
Kg4 h2 54. Rg5+ Kf7 55. Rh5 Rd6 56. Rxh2 Rd2 57. Rh7+ Kg8 58. Ra7 Rxb2 59. Rxa6
c3 60. Kf5 Rxf2 61. Rc6 b4 62. Ke4 c2 63. Ke3 b3 0-1

[Event "4NCL"]
[Site "De Vere, Sunningdale, ENG"]
[Date "2011.02.20"]
[Round "6.40"]
[White "Higgs, Anthony RJ"]
[Black "Matthews, Adrian MS"]
[Result "1/2-1/2"]
[WhiteElo "1976"]
[BlackElo "1909"]
[PlyCount "32"]
[EventDate "2011.??.??"]
[WhiteTeam "Guildford A&DC 3"]
[BlackTeam "FCA Solutions 2"]

1. e4 c5 2. a3 g6 3. b4 Bg7 4. Nc3 d6 5. Nf3 Nf6 6. Rb1 O-O 7. Be2 Nc6 8. O-O
e5 9. d3 Nd4 10. Re1 Qc7 11. Nd5 Nxd5 12. exd5 Nxf3+ 13. Bxf3 f5 14. bxc5 Qxc5
15. c4 Qc7 16. Bd2 b6 1/2-1/2